| 000 | 00574nam a22001577a 4500 | ||
|---|---|---|---|
| 020 | _qHard Cover. | ||
| 082 | _a620.005 | ||
| 100 | _aTazeen Fatima, Syeda | ||
| 245 |
_aA predictive analytics approach to project management : Reducing project failures in web & software development projects / _cSyeda Tazeen Fatima |
||
| 260 |
_aIslamabad : _bCEME - NUST, _c2016. |
||
| 300 |
_a106 p. : ill. ; _c30cm. |
||
| 650 |
_aEngineering Management-MS-Thesis _916065 |
||
| 700 |
_aDr. Nawar Khan. _918465 |
||
| 942 |
_2ddc _cTHE |
||
| 999 |
_c540650 _d540650 |
||